Chỉ số phát triển kinh tế trong HDI: Cách tiếp cận và một số kết quả nghiên cứu (Sách chuyên khảo)
Nội dung quyển sách trình bày những lý luận chung về phát triển kinh tế, kinh nghiệm thực tiễn đo đạt chỉ tiêu GDP ở một số địa phương Việt Nam và một số nước trên thế giới.
Bewaard in:
| Hoofdauteur: | |
|---|---|
| Formaat: | Boek |
| Taal: | Undetermined |
| Gepubliceerd in: |
Hà Nội
Chính trị Quốc gia
2005
|
| Onderwerpen: | |
| Tags: |
Voeg label toe
Geen labels, Wees de eerste die dit record labelt!
|
| Thư viện lưu trữ: | Trung tâm Học liệu Trường Đại học Cần Thơ |
|---|
| LEADER | 01000nam a2200217Ia 4500 | ||
|---|---|---|---|
| 001 | CTU_110786 | ||
| 008 | 210402s9999 xx 000 0 und d | ||
| 020 | |c 20000 | ||
| 082 | |a 338.9 | ||
| 082 | |b B108 | ||
| 100 | |a Đặng, Quốc Bảo | ||
| 245 | 0 | |a Chỉ số phát triển kinh tế trong HDI: Cách tiếp cận và một số kết quả nghiên cứu (Sách chuyên khảo) | |
| 245 | 0 | |c Đặng Quốc Bảo | |
| 260 | |a Hà Nội | ||
| 260 | |b Chính trị Quốc gia | ||
| 260 | |c 2005 | ||
| 520 | |a Nội dung quyển sách trình bày những lý luận chung về phát triển kinh tế, kinh nghiệm thực tiễn đo đạt chỉ tiêu GDP ở một số địa phương Việt Nam và một số nước trên thế giới. | ||
| 650 | |a Economic development projects,Vietnam | ||
| 650 | |x Economic policy | ||
| 904 | |i Giang | ||
| 980 | |a Trung tâm Học liệu Trường Đại học Cần Thơ | ||